000 01179naa a22003137a 4500
001 BR7200309
003 BR-BrBNA
005 20240918173434.0
007 ta
008 230509b bl.||||| |||| 00| 0 por d
040 _aBR-BrBNA
_bpor
_cBiblioteca Nacional de Agricultura
041 _a(Pt)
072 _aL00; E15
_b5212
_b9410
090 _aL00 BR7200309
100 1 _aCosta, R. de V.
111 1 _a13. Congresso Brasileiro de Medicina Veterinaria
_cBrasilia, DF (Brazil)
_d19 Nov 1972
245 1 _aAlguns aspectos zooeconomicos [Producao animal; Bovino; Bos taurus; Leite; Gado de corte; Microeconomia; Economia da producao]
260 3 _aBrasilia, DF (Brasil):
_c1972.
500 _aAnais do 13. Congresso Brasileiro de Medicina Veterinaria Brasilia, DF (Brasil): 1972. p. 113-121 (BR7200309-AM)L00
650 _aProducao animal
650 _aMicroeconomia
650 _aBovino
650 _aLeite
650 _aGado de corte
650 _aEconomia da producao
773 0 _tAnais do 13. Congresso Brasileiro de Medicina Veterinaria
_wL00 BR7200309
_gBrasilia, DF (Brasil), 1972. p. 113-121
909 _a202404
_bLucia
_c55
_dLucia Elande
942 _cAM
_2AGRIS
999 _c304610
_d304610